[Event "PRO League Group Stage"]
[Site "chess.com INT"]
[Date "2020.02.10"]
[Round "6"]
[White "Saric, Ivan"]
[Black "Shimanov, Aleksandr"]
[Result "1/2-1/2"]
[WhiteTitle "GM"]
[BlackTitle "GM"]
[WhiteElo "2655"]
[BlackElo "2587"]
[WhiteTeam "Canada Chessbrahs"]
[BlackTeam "Chicago Wind"]
[WhiteFideId "14508150"]
[BlackFideId "4198603"]
[EventDate "2020.01.06"]

1. e4 e5 2. Nf3 Nc6 3. Bb5 Nf6 4. d3 d6 5. O-O Bd7 6. Re1 Be7 7. c3 O-O 8. Nbd2
Re8 9. Nf1 Bf8 10. Bg5 h6 11. Bh4 Be7 12. Bg3 Bf8 13. Ne3 Ne7 14. Bc4 b5 15. Bb3
Ng6 16. Nh4 Nf4 17. Nef5 N4h5 18. d4 Nxg3 19. hxg3 c5 20. a4 a6 21. axb5 axb5
22. Rxa8 Qxa8 23. Qf3 c4 24. Bc2 Nh7 25. Qg4 Kh8 26. Qe2 Nf6 27. Qd2 Qc8 28.
dxe5 dxe5 29. Nd6 Bxd6 30. Qxd6 Qc6 31. Rd1 Qxd6 32. Rxd6 Ra8 33. Nf3 Ra1+ 34.
Rd1 Rxd1+ 35. Bxd1 Bg4 36. Bc2 Bxf3 37. gxf3 g5 38. b3 Ne8 39. bxc4 bxc4 40. Ba4
Nd6 41. Bc6 h5 42. Bd5 Kg7 43. Kg2 Kf6 44. Kh3 Ke7 45. f4 gxf4 46. gxf4 Kf6 47.
Kg3 h4+ 48. Kg4 exf4 49. Kxf4 Ke7 50. e5 Nb5 51. Bxc4 Nxc3 52. Kg4 f6 53. exf6+
Kxf6 54. Kxh4 1/2-1/2

[Event "PRO League Group Stage"]
[Site "chess.com INT"]
[Date "2020.02.10"]
[Round "6"]
[White "Dominguez Perez, Leinier"]
[Black "Obregon, Andres Carlos"]
[Result "1-0"]
[WhiteTitle "GM"]
[BlackTitle "GM"]
[WhiteElo "2758"]
[BlackElo "2525"]
[WhiteTeam "Saint Louis Arch Bishops"]
[BlackTeam "Argentina Krakens"]
[WhiteFideId "3503240"]
[BlackFideId "111724"]
[EventDate "2020.01.06"]

1. e4 e5 2. Nf3 Nc6 3. Bb5 Nf6 4. d3 Bc5 5. Bxc6 dxc6 6. Nbd2 Be6 7. O-O Bd6 8.
Nb3 Nd7 9. Na5 Rb8 10. Ng5 Qe7 11. Bd2 Bc5 12. Nxe6 Qxe6 13. b4 Bb6 14. Nc4 O-O
15. a4 a6 16. Kh1 Rbd8 17. Qe2 Rfe8 18. f4 exf4 19. Bxf4 f5 20. Rae1 fxe4 21. a5
Bd4 22. Bxc7 Rc8 23. Bg3 Bc3 24. Nd6 Bxe1 25. Rxe1 Nf6 26. dxe4 Rcd8 27. Nxe8
Rxe8 28. e5 Nd5 29. Qd2 Qf5 30. h3 h6 31. Rd1 Qe4 32. c3 Re6 33. Kh2 Qc4 34. Qd4
Qb3 35. Rd3 Qc2 36. Rf3 Kh7 37. Rf7 Qe2 38. Qf2 Qxf2 39. Bxf2 Re7 40. Rxe7 Nxe7
41. g4 Kg6 42. Kg3 Kf7 43. Kf3 Ke6 44. Ke4 Nd5 45. Be1 Ne7 46. h4 Ng6 47. Bg3
Nf8 48. h5 Nd7 49. c4 Nf8 50. Bf4 Nd7 51. Bh2 Nf8 52. Bg1 Nd7 53. Bd4 Nf8 54.
Kf4 Kf7 55. Kf5 Ne6 56. Be3 Nd8 57. Ke4 Ke6 58. Kd4 Nf7 59. Bf4 Kd7 60. Kc5 Nd8
61. Kb6 Kc8 62. e6 Nxe6 63. Be5 Nd8 64. Bxg7 Nf7 65. Bf8 Kb8 66. Kc5 Kc7 67. Kd4
Kd7 68. Ke4 Ke6 69. Kf4 Ne5 70. Bxh6 Nxc4 71. Bg7 c5 72. bxc5 Nxa5 73. Bc3 Nc6
74. h6 Ne7 75. h7 1-0

[Event "PRO League Group Stage"]
[Site "chess.com INT"]
[Date "2020.02.10"]
[Round "6"]
[White "Perez, Maximiliano"]
[Black "Xiong, Jeffery"]
[Result "1-0"]
[WhiteTitle "IM"]
[BlackTitle "GM"]
[WhiteElo "2417"]
[BlackElo "2712"]
[WhiteTeam "Argentina Krakens"]
[BlackTeam "Saint Louis Arch Bishops"]
[WhiteFideId "117234"]
[BlackFideId "2047640"]
[EventDate "2020.01.06"]

1. e4 c5 2. Nf3 e6 3. d3 Nc6 4. g3 d5 5. Nbd2 Bd6 6. Bg2 Nge7 7. O-O O-O 8. Nh4
g5 9. Nhf3 Ng6 10. h3 h5 11. Re1 h4 12. Nf1 hxg3 13. fxg3 Be7 14. e5 Kg7 15.
N1h2 f5 16. exf6+ Bxf6 17. Ng4 Nd4 18. Nxf6 Qxf6 19. Rf1 Bd7 20. c3 Nxf3+ 21.
Qxf3 Qxf3 22. Rxf3 Rxf3 23. Bxf3 Ne5 24. Be2 Bb5 25. Bxg5 Bxd3 26. Bf4 Bxe2 27.
Bxe5+ Kf7 28. Re1 Bd3 29. Kf2 Ke7 30. Ke3 Bb5 31. h4 Rf8 32. g4 Bc6 33. Rg1 d4+
34. cxd4 cxd4+ 35. Kxd4 Rd8+ 36. Ke3 Rd5 37. Bc3 Bb5 38. g5 Rd3+ 39. Ke4 Rh3 40.
Rg4 Bd3+ 41. Kd4 Kd6 42. Bb4+ Kc6 43. g6 Bxg6 44. Rxg6 Rxh4+ 45. Kc3 Kd5 46. Rg7
Rh3+ 47. Kc2 Rh2+ 48. Bd2 Kc6 49. Re7 Re2 50. Kd3 Re5 51. Bc3 Rd5+ 52. Ke4 Rd6
53. Be5 Rd1 54. Rxe6+ Kc5 55. Re7 Kc6 56. Rc7+ Kb6 57. Rc3 Kb5 58. Rb3+ Kc6 59.
Bd4 b6 60. Rc3+ Kb7 61. a4 Ra1 62. b3 Rh1 63. Kd5 Rh5+ 64. Be5 Rh7 65. b4 Rd7+
66. Bd6 Rh7 67. Re3 Ka6 68. Re7 Rh5+ 69. Kc6 b5 70. Rb7 bxa4 71. b5+ 1-0

[Event "PRO League Group Stage"]
[Site "chess.com INT"]
[Date "2020.02.10"]
[Round "6"]
[White "Jones, Gawain C B"]
[Black "Leitao, Rafael"]
[Result "1-0"]
[WhiteTitle "GM"]
[BlackTitle "GM"]
[WhiteElo "2679"]
[BlackElo "2592"]
[WhiteTeam "U.K. Lions"]
[BlackTeam "Brazil Capybaras"]
[WhiteFideId "409561"]
[BlackFideId "2101246"]
[EventDate "2020.01.06"]

1. e4 c5 2. Nf3 d6 3. Bb5+ Bd7 4. Bxd7+ Nxd7 5. O-O Ngf6 6. Qe2 g6 7. c3 Bg7 8.
d4 e5 9. Rd1 Qe7 10. dxe5 dxe5 11. c4 O-O 12. Nc3 h6 13. Be3 Rad8 14. a4 Qe6 15.
a5 Nb8 16. Bxc5 Rxd1+ 17. Rxd1 Rc8 18. Bxa7 Nc6 19. Bb6 Nd7 20. Nd5 f5 21. exf5
gxf5 22. Nd4 Nxd4 23. Bxd4 Kh8 24. Bc3 Rg8 25. Nf4 Qf7 26. Qh5 Rf8 27. Qxf7 Rxf7
28. Nh5 f4 29. Rd5 Bf8 30. Rxd7 1-0

[Event "PRO League Group Stage"]
[Site "chess.com INT"]
[Date "2020.02.10"]
[Round "6"]
[White "Haria, Ravi"]
[Black "Di Berardino, Diego Rafael"]
[Result "0-1"]
[WhiteTitle "IM"]
[BlackTitle "IM"]
[WhiteElo "2450"]
[BlackElo "2478"]
[WhiteTeam "U.K. Lions"]
[BlackTeam "Brazil Capybaras"]
[WhiteFideId "415820"]
[BlackFideId "2105446"]
[EventDate "2020.01.06"]

1. Nf3 c5 2. e4 b6 3. d4 cxd4 4. Nxd4 Bb7 5. Nc3 Nf6 6. e5 Nd5 7. Nxd5 Bxd5 8.
Be3 Nc6 9. Nxc6 Bxc6 10. Qd2 Qc7 11. f4 e6 12. O-O-O Be7 13. Bd3 O-O 14. Bd4 f5
15. Rhg1 Bc5 16. Qe3 Bd5 17. g4 Bxd4 18. Qxd4 fxg4 19. Rxg4 Qc5 20. Qxc5 bxc5
21. Rdg1 Rf7 22. c4 Bc6 23. Kd2 a5 24. Rh4 g6 25. Ke3 Rb8 26. b3 a4 27. Bc2 Ra8
28. Kd2 axb3 29. axb3 Raf8 30. Ke3 Ra8 31. Kd2 Kf8 32. Rhg4 Ke7 33. h4 Bf3 34.
R4g3 Bh5 35. Ke3 Ra2 36. R3g2 Rf8 37. Be4 Ra3 38. Rb2 Rb8 39. Rgb1 Rb4 40. Kd2
Rb8 41. Kc3 Rf8 42. Rf2 Rb8 43. Rfb2 Rf8 44. Rf2 Kd8 45. Kb2 Ra6 46. Ra1 Rxa1
47. Kxa1 Kc7 48. Kb2 d6 49. exd6+ Kxd6 50. Kc3 Ke7 51. b4 cxb4+ 52. Kxb4 e5 53.
f5 Bg4 54. f6+ Rxf6 55. Rxf6 Kxf6 56. Kc5 Bf5 57. Bb7 Bd3 58. Kd5 Bf1 59. Bc8
Bg2+ 60. Kd6 e4 61. c5 e3 62. Bg4 h5 63. Be2 g5 64. hxg5+ Kxg5 65. c6 Bxc6 66.
Kxc6 h4 67. Kd5 h3 68. Ke4 h2 0-1

[Event "PRO League Group Stage"]
[Site "chess.com INT"]
[Date "2020.02.10"]
[Round "6"]
[White "Mekhitarian, Krikor Sevag"]
[Black "Astaneh Lopez, Alex"]
[Result "0-1"]
[WhiteTitle "GM"]
[BlackTitle "IM"]
[WhiteElo "2563"]
[BlackElo "2432"]
[WhiteTeam "Brazil Capybaras"]
[BlackTeam "U.K. Lions"]
[WhiteFideId "2107660"]
[BlackFideId "2501430"]
[EventDate "2020.01.06"]

1. Nf3 Nf6 2. c4 g6 3. Nc3 d5 4. cxd5 Nxd5 5. h4 Nxc3 6. bxc3 h5 7. g3 c5 8. Bg2
Nc6 9. Qb3 Bg7 10. Qb5 Qa5 11. a4 a6 12. Qb3 Qc7 13. Ng5 O-O 14. Rb1 Rb8 15. Qb6
Qxb6 16. Rxb6 Na5 17. O-O Bd7 18. d3 Bxc3 19. Bf4 e5 20. Be3 Bb4 21. Ne4 Bxa4
22. Nxc5 Bxc5 23. Bxc5 Rfd8 24. Bd6 Rbc8 25. Bxe5 Bc6 26. Ra1 Bxg2 27. Kxg2 Rd5
28. Bf4 Rc6 29. Rb4 Rcc5 30. Rab1 b5 31. Re4 Nc6 32. Re8+ Kg7 33. Be3 Rc2 34.
Rc8 b4 35. Kf1 a5 36. Ra8 Rb5 37. Rc1 b3 38. Ke1 Rxc1+ 39. Bxc1 b2 40. Bxb2+
Rxb2 41. Ra6 Nd4 42. Rxa5 Rxe2+ 43. Kf1 Rd2 44. Ra3 Nf3 45. Rc3 Ne5 46. Ke1 Rxd3
47. Rc5 Kf6 48. Ke2 Ra3 49. Rb5 Ra2+ 50. Ke3 Ng4+ 0-1

[Event "PRO League Group Stage"]
[Site "chess.com INT"]
[Date "2020.02.10"]
[Round "6"]
[White "Fier, Alexandr"]
[Black "Roberson, Peter T"]
[Result "1-0"]
[WhiteTitle "GM"]
[BlackTitle "IM"]
[WhiteElo "2528"]
[BlackElo "2435"]
[WhiteTeam "Brazil Capybaras"]
[BlackTeam "U.K. Lions"]
[WhiteFideId "2107139"]
[BlackFideId "412384"]
[EventDate "2020.01.06"]

1. c4 b6 2. d4 Bb7 3. Nc3 e6 4. a3 f5 5. d5 Be7 6. g3 Bf6 7. Bg2 Bxc3+ 8. bxc3
Nf6 9. Nh3 Na6 10. O-O Nc5 11. Be3 Nce4 12. Bd4 O-O 13. f3 Nc5 14. Bxc5 bxc5 15.
Rb1 Rb8 16. e4 fxe4 17. fxe4 e5 18. Qa4 a6 19. Qa5 d6 20. Ng5 Ng4 21. Ne6 Rxf1+
22. Rxf1 Qe7 23. Rb1 Qf7 24. Qxc7 Qxc7 25. Nxc7 Ne3 26. Bh3 Nxc4 27. Be6+ Kh8
28. Nxa6 Nxa3 29. Rb3 Ra8 30. Rxb7 h6 31. Nc7 Rf8 32. Bf5 Nc4 33. Ne6 Ra8 34.
Kg2 Ra2+ 35. Kh3 g6 36. Bxg6 1-0

[Event "PRO League Group Stage"]
[Site "chess.com INT"]
[Date "2020.02.10"]
[Round "6"]
[White "Oparin, Grigoriy"]
[Black "Fedoseev, Vladimir3"]
[Result "0-1"]
[WhiteTitle "GM"]
[BlackTitle "GM"]
[WhiteElo "2650"]
[BlackElo "2671"]
[WhiteTeam "California Unicorns"]
[BlackTeam "New York Marshalls"]
[WhiteFideId "24125890"]
[BlackFideId "24130737"]
[EventDate "2020.01.06"]

1. Nf3 d5 2. g3 c5 3. Bg2 Nf6 4. O-O e6 5. d4 cxd4 6. Nxd4 e5 7. Nf3 Nc6 8. c4
d4 9. e3 Be7 10. exd4 exd4 11. Bf4 O-O 12. Ne5 Qb6 13. Re1 Be6 14. Nd2 Rac8 15.
a3 Nxe5 16. Rxe5 Qxb2 17. Rb5 Qc3 18. Rxb7 Rfe8 19. Rb3 Qa5 20. Rb5 Qd8 21. Qb3
Nd7 22. Bd5 a6 23. Bxe6 fxe6 24. Rh5 Rc5 25. Qf3 Rxh5 26. Qxh5 e5 27. Re1 exf4
28. Qd5+ Kf8 29. Qxd4 fxg3 30. hxg3 Nf6 31. Qc3 Bc5 32. Rxe8+ Qxe8 33. Kg2 Qe2
34. Qf3 Qxd2 0-1

[Event "PRO League Group Stage"]
[Site "chess.com INT"]
[Date "2020.02.10"]
[Round "6"]
[White "Guseinov, Gadir"]
[Black "Swiercz, Dariusz"]
[Result "1-0"]
[WhiteTitle "GM"]
[BlackTitle "GM"]
[WhiteElo "2666"]
[BlackElo "2659"]
[WhiteTeam "New York Marshalls"]
[BlackTeam "California Unicorns"]
[WhiteFideId "13401378"]
[BlackFideId "1126881"]
[EventDate "2020.01.06"]

1. e4 e5 2. Nf3 Nc6 3. Bb5 Nf6 4. O-O Nxe4 5. d4 Nd6 6. dxe5 Nxb5 7. a4 Nbd4 8.
Nxd4 d5 9. Nxc6 bxc6 10. Nd2 Rb8 11. Qf3 Be7 12. Nb3 c5 13. Na5 Rb6 14. Rd1 Be6
15. Nc4 Rb4 16. b3 O-O 17. Ba3 Rb8 18. Ne3 c6 19. Nf5 Bxf5 20. Qxf5 Qc8 21. Qxc8
Rfxc8 22. g3 Kf8 23. Rd3 Rd8 24. Kg2 c4 25. bxc4 dxc4 26. Rc3 Bxa3 27. Raxa3 Rb4
28. a5 Ke7 29. h4 h5 30. Kf3 Ke6 31. Ke4 Rd2 32. f4 g6 33. a6 Rd5 34. Ra1 c5 35.
Ra5 Rd4+ 36. Kf3 Kd5 37. Ra1 Rb6 38. g4 f6 39. Re3 g5 40. hxg5 fxg5 41. f5 hxg4+
42. Kg3 Rh6 43. Rae1 Rh3+ 44. Kg2 Rd2+ 45. R3e2 c3 46. e6 Re3 47. Kf1 Rf3+ 48.
Kg1 Rg3+ 49. Kf2 Rf3+ 50. Kg2 Re3 51. Rxd2+ cxd2 52. Rxe3 c4 53. e7 d1=Q 54.
e8=Q Qd2+ 55. Re2 Qf4 56. Qe4+ Qxe4+ 57. Rxe4 Kxe4 58. f6 Kd4 59. f7 Kc3 60.
f8=Q 1-0

[Event "PRO League Group Stage"]
[Site "chess.com INT"]
[Date "2020.02.10"]
[Round "6"]
[White "Moranda, Wojciech"]
[Black "Sarana, Alexey"]
[Result "0-1"]
[WhiteTitle "GM"]
[BlackTitle "GM"]
[WhiteElo "2601"]
[BlackElo "2656"]
[WhiteTeam "New York Marshalls"]
[BlackTeam "California Unicorns"]
[WhiteFideId "1122401"]
[BlackFideId "24133795"]
[EventDate "2020.01.06"]

1. e4 c5 2. Nf3 d6 3. d4 cxd4 4. Nxd4 Nf6 5. Nc3 a6 6. a4 e5 7. Nf3 Qc7 8. Bg5
Nbd7 9. Nd2 h6 10. Bh4 g5 11. Bg3 Nc5 12. h4 g4 13. Bc4 Be6 14. O-O Bxc4 15.
Nxc4 Ncxe4 16. Nxe4 Nxe4 17. Qd3 f5 18. Rad1 O-O-O 19. Ne3 Qd7 20. Qc4+ Qc6 21.
Qe6+ Qd7 22. Qxf5 Qxf5 23. Nxf5 h5 24. Rfe1 Nc5 25. b3 Rh7 26. Ne3 Rf7 27. Nd5
Bh6 28. Nb6+ Kc7 29. Nc4 Bf4 30. Bxf4 Rxf4 31. Rd5 Ne6 32. Red1 Rd4 33. Ne3 Kc6
34. Nf5 Kxd5 0-1

[Event "PRO League Group Stage"]
[Site "chess.com INT"]
[Date "2020.02.10"]
[Round "6"]
[White "Fedoseev, Vladimir3"]
[Black "Naroditsky, Daniel"]
[Result "0-1"]
[WhiteTitle "GM"]
[BlackTitle "GM"]
[WhiteElo "2671"]
[BlackElo "2621"]
[WhiteTeam "New York Marshalls"]
[BlackTeam "California Unicorns"]
[WhiteFideId "24130737"]
[BlackFideId "2026961"]
[EventDate "2020.01.06"]

1. d4 Nf6 2. c4 g6 3. Nc3 Bg7 4. e4 d6 5. Bd3 O-O 6. Nge2 Nc6 7. O-O Nd7 8. Be3
e5 9. d5 Nd4 10. Bb1 Nxe2+ 11. Qxe2 f5 12. f3 f4 13. Bf2 g5 14. g4 fxg3 15. hxg3
g4 16. fxg4 Nf6 17. g5 Ng4 18. Be3 Rxf1+ 19. Kxf1 Qe8 20. Ke1 Qh5 21. Kd2 Bd7
22. Bd3 Rf8 23. c5 Qh3 24. cxd6 cxd6 25. Bxa7 b6 26. Rf1 Ra8 27. Bxb6 Rb8 28.
Bg1 Rxb2+ 29. Bc2 Qxg3 30. Qf3 Qf4+ 31. Qxf4 exf4 32. Rxf4 Ne5 33. Kc1 Rb8 34.
Ne2 h6 35. g6 Nxg6 36. Rf3 Bg4 37. Rg3 h5 38. Bd4 Bh6+ 39. Kd1 Nf4 40. Bd3 Nxd3
41. Rxd3 h4 42. Ke1 Re8 43. e5 dxe5 44. Be3 e4 45. Rb3 Bg7 46. Bf4 h3 47. d6 Bf6
48. Kf1 Kf7 49. Rb7+ Kg6 50. Ng3 e3 51. d7 e2+ 52. Nxe2 Bxe2+ 53. Kf2 Re4 54.
Kg3 Bc4 55. Rb6 Be6 56. Rd6 Bd8 57. a4 h2 58. Kxh2 Kf5 59. Bg3 Rxa4 60. Rd2 Kg4
61. Re2 Bxd7 62. Rd2 Ra7 63. Bf2 Rb7 64. Rd4+ Kf3 65. Be1 Bc7+ 66. Kh1 Bc6 67.
Rc4 Be4 68. Kg1 Bb6+ 0-1

[Event "PRO League Group Stage"]
[Site "chess.com INT"]
[Date "2020.02.10"]
[Round "6"]
[White "Sarana, Alexey"]
[Black "Guseinov, Gadir"]
[Result "1/2-1/2"]
[WhiteTitle "GM"]
[BlackTitle "GM"]
[WhiteElo "2656"]
[BlackElo "2666"]
[WhiteTeam "California Unicorns"]
[BlackTeam "New York Marshalls"]
[WhiteFideId "24133795"]
[BlackFideId "13401378"]
[EventDate "2020.01.06"]

1. e4 c5 2. Nf3 g6 3. g3 Bg7 4. Bg2 Nc6 5. O-O Nf6 6. Re1 O-O 7. c3 d6 8. d4 Bg4
9. d5 Ne5 10. Bf4 Nfd7 11. h3 Nxf3+ 12. Bxf3 Bxf3 13. Qxf3 b5 14. Nd2 b4 15. Nc4
bxc3 16. bxc3 Qc8 17. Na5 Qc7 18. Nc6 Nb8 19. Nxb8 Raxb8 20. Re2 Rb6 21. Rae1
Be5 22. Bxe5 dxe5 23. h4 h5 24. Kg2 Rfb8 25. Rd1 Rb2 26. Red2 Rxd2 27. Rxd2 Qd6
28. g4 hxg4 29. Qxg4 Kg7 30. Rd3 Rh8 31. Rg3 Kf8 32. Rf3 Kg7 33. Rg3 Kf8 34. Rf3
Kg7 35. Rg3 1/2-1/2

[Event "PRO League Group Stage"]
[Site "chess.com INT"]
[Date "2020.02.10"]
[Round "6"]
[White "Swiercz, Dariusz"]
[Black "Moranda, Wojciech"]
[Result "0-1"]
[WhiteTitle "GM"]
[BlackTitle "GM"]
[WhiteElo "2659"]
[BlackElo "2601"]
[WhiteTeam "California Unicorns"]
[BlackTeam "New York Marshalls"]
[WhiteFideId "1126881"]
[BlackFideId "1122401"]
[EventDate "2020.01.06"]

1. e4 c6 2. d4 d5 3. exd5 cxd5 4. Bd3 Nc6 5. c3 g6 6. Ne2 Nf6 7. O-O Bg7 8. Bf4
O-O 9. Nd2 Ne8 10. Bg3 Nd6 11. Re1 Bf5 12. Nc1 Bxd3 13. Nxd3 e6 14. a4 Rc8 15.
a5 Nf5 16. a6 b6 17. Bf4 Na5 18. Be5 Bh6 19. Bf4 Bg7 20. h3 Qd7 21. Be5 Bh6 22.
Bf6 Qb5 23. Nf3 Bg7 24. Bxg7 Kxg7 25. Nfe5 Nc4 26. Nxc4 Rxc4 27. Ne5 Rc7 28. Qd2
Rd8 29. Ng4 h5 30. Qg5 Rh8 31. Qf6+ Kh7 32. Ne5 Qe8 33. g4 hxg4 34. hxg4 Ng7 35.
Kg2 Qe7 36. Rh1+ Kg8 37. Rxh8+ Kxh8 38. Rh1+ Kg8 39. Qf4 Ne8 40. Qh6 Qf6 41. g5
Qg7 42. Qh2 f6 43. Ng4 fxg5 44. Qg3 Kf8 45. Qe3 Ke7 46. Qxg5+ Kd7 47. Ne5+ Kc8
48. Rh6 Qf8 49. Rxg6 Rg7 50. Rxg7 Qxg7 51. Qg3 Qh7 52. Qg4 Qe7 53. Nc6 Qd7 54.
Ne5 Qe7 55. Kf1 Kc7 56. Qg6 b5 57. Nd3 Kb6 58. Nc5 Nc7 59. Ke2 b4 60. Kd2 bxc3+
61. bxc3 Nxa6 62. Nxe6 Ka5 63. Nf4 Qh4 64. Nd3 Qe7 65. Qf5 Nc7 66. Nf4 Qa3 67.
Nd3 Qa2+ 68. Ke3 Qc4 69. Kd2 Qa2+ 70. Ke3 Qc4 71. Qd7 Qxc3 72. f4 Nb5 73. Qxd5
Qa1 74. f5 Qg1+ 75. Nf2 Qg5+ 76. Kf3 Qh5+ 77. Ng4 Qh1+ 0-1

[Event "PRO League Group Stage"]
[Site "chess.com INT"]
[Date "2020.02.10"]
[Round "6"]
[White "Sarana, Alexey"]
[Black "Fedoseev, Vladimir3"]
[Result "1-0"]
[WhiteTitle "GM"]
[BlackTitle "GM"]
[WhiteElo "2656"]
[BlackElo "2671"]
[WhiteTeam "California Unicorns"]
[BlackTeam "New York Marshalls"]
[WhiteFideId "24133795"]
[BlackFideId "24130737"]
[EventDate "2020.01.06"]

1. d4 Nf6 2. c4 e6 3. Nf3 d5 4. Nc3 Bb4 5. Bg5 Nbd7 6. e3 c5 7. cxd5 exd5 8. Bd3
Qa5 9. O-O c4 10. Bf5 O-O 11. Qc2 Re8 12. Rfb1 g6 13. Bxd7 Nxd7 14. a3 Bxc3 15.
Qxc3 Qxc3 16. bxc3 b6 17. Nd2 Bb7 18. h4 Bc6 19. e4 a6 20. a4 Reb8 21. Bf4 Rb7
22. Bd6 Nf6 23. e5 Ne8 24. Ba3 Bxa4 25. Bc5 Rab8 26. Bxb6 Rxb6 27. Rxb6 Rxb6 28.
Rxa4 Nc7 29. Ra2 f6 30. f4 h5 31. Kf2 Kf7 32. Nf1 Ke6 33. Ne3 fxe5 34. fxe5 Nb5
35. Nd1 Nc7 36. Ke3 Rb1 37. Kd2 Kf5 38. Kc2 Rb6 39. Kc1 Kg4 40. Rf2 Kxh4 41. Rf7
Rc6 42. Ne3 Kg3 43. Rf3+ Kh2 44. Kc2 a5 45. Rf6 Rxf6 46. exf6 g5 47. f7 Ne6 48.
Nxd5 Kxg2 49. Nc7 Nf8 50. d5 h4 51. Ne6 Nd7 52. Nc5 Nf8 53. d6 h3 54. d7 h2 55.
d8=Q h1=Q 56. Qxf8 Qh7+ 57. Kb2 Kg1 58. Qe7 Qh2+ 59. Ka3 Qd2 60. Ka4 Qxc3 61.
Kb5 Qb4+ 62. Kc6 c3 63. f8=Q c2 64. Qe3+ 1-0

[Event "PRO League Group Stage"]
[Site "chess.com INT"]
[Date "2020.02.10"]
[Round "6"]
[White "Guseinov, Gadir"]
[Black "Naroditsky, Daniel"]
[Result "1-0"]
[WhiteTitle "GM"]
[BlackTitle "GM"]
[WhiteElo "2666"]
[BlackElo "2621"]
[WhiteTeam "New York Marshalls"]
[BlackTeam "California Unicorns"]
[WhiteFideId "13401378"]
[BlackFideId "2026961"]
[EventDate "2020.01.06"]

1. e4 e5 2. Nf3 Nc6 3. Bb5 a6 4. Bxc6 dxc6 5. O-O f6 6. d4 Bg4 7. c3 Qe7 8. dxe5
fxe5 9. h3 Bh5 10. Na3 Nf6 11. Nc4 Qe6 12. Ncxe5 Bd6 13. Qb3 Qxb3 14. axb3 O-O
15. g4 Rae8 16. gxh5 Bxe5 17. Nxe5 Rxe5 18. f3 Nxh5 19. Be3 Re6 20. Ra5 Rg6+ 21.
Rg5 Rxg5+ 22. Bxg5 h6 23. Be3 Rd8 24. Kf2 Kf7 25. b4 Rd7 26. Rg1 Nf6 27. Bd4 Nh5
28. Ke3 g5 29. h4 Kg6 30. hxg5 hxg5 31. Be5 Kh6 32. f4 gxf4+ 33. Bxf4+ Kh7 34.
Be5 Re7 35. Bd4 Re6 36. Rg5 Kh6 37. Rg8 Kh7 38. Rb8 b5 39. Ra8 Ng3 40. Rh8+ 1-0

[Event "PRO League Group Stage"]
[Site "chess.com INT"]
[Date "2020.02.10"]
[Round "6"]
[White "Moranda, Wojciech"]
[Black "Oparin, Grigoriy"]
[Result "0-1"]
[WhiteTitle "GM"]
[BlackTitle "GM"]
[WhiteElo "2601"]
[BlackElo "2650"]
[WhiteTeam "New York Marshalls"]
[BlackTeam "California Unicorns"]
[WhiteFideId "1122401"]
[BlackFideId "24125890"]
[EventDate "2020.01.06"]

1. Nf3 Nf6 2. c4 e6 3. g3 d5 4. Bg2 dxc4 5. Qa4+ Bd7 6. Qxc4 c5 7. Ne5 Qc8 8. b3
Nc6 9. Nxd7 Qxd7 10. Bb2 Be7 11. O-O O-O 12. Nc3 Rac8 13. Rad1 Rfd8 14. e3 Ne5
15. Qe2 Nd3 16. Ba1 b5 17. g4 c4 18. g5 Nd5 19. Ne4 e5 20. bxc4 bxc4 21. Rb1 Rc6
22. Qf3 Ra6 23. Qg3 Rxa2 24. Bxe5 Nxe5 25. Qxe5 Nb6 26. Ra1 Rxa1 27. Rxa1 Bb4
28. h4 a5 29. h5 Qe8 30. Qg3 Nd5 31. h6 Qe6 32. hxg7 Kxg7 33. Qh4 Rg8 34. Ng3
Qe5 35. Rc1 c3 36. dxc3 Nxc3 37. Kh1 Kh8 38. Be4 Nxe4 39. Nxe4 Qf5 40. Rc7 Qf3+
41. Kg1 Bf8 42. Kf1 Bg7 43. Rd7 Be5 44. g6 Rxg6 0-1

[Event "PRO League Group Stage"]
[Site "chess.com INT"]
[Date "2020.02.10"]
[Round "6"]
[White "Fedoseev, Vladimir3"]
[Black "Swiercz, Dariusz"]
[Result "0-1"]
[WhiteTitle "GM"]
[BlackTitle "GM"]
[WhiteElo "2671"]
[BlackElo "2659"]
[WhiteTeam "New York Marshalls"]
[BlackTeam "California Unicorns"]
[WhiteFideId "24130737"]
[BlackFideId "1126881"]
[EventDate "2020.01.06"]

1. e4 e5 2. Nf3 Nc6 3. Bb5 Nf6 4. d3 Bc5 5. c3 O-O 6. O-O d6 7. Nbd2 Ne7 8. d4
exd4 9. cxd4 Bb6 10. Re1 Bg4 11. h3 Bh5 12. a4 Ba5 13. Re3 Bb6 14. Be2 Nc6 15.
Rea3 a5 16. d5 Nb4 17. Nc4 Nxe4 18. Nxb6 cxb6 19. Be3 Rc8 20. Rc1 Rxc1 21. Qxc1
Nxd5 22. Bd4 Qc8 23. Qd1 Nf4 24. Bxg7 Re8 25. Bb5 Re6 26. Rc3 Nxc3 27. Bxc3 Qc5
28. Bf1 Rg6 29. g3 Rxg3+ 0-1

[Event "PRO League Group Stage"]
[Site "chess.com INT"]
[Date "2020.02.10"]
[Round "6"]
[White "Oparin, Grigoriy"]
[Black "Guseinov, Gadir"]
[Result "1-0"]
[WhiteTitle "GM"]
[BlackTitle "GM"]
[WhiteElo "2650"]
[BlackElo "2666"]
[WhiteTeam "California Unicorns"]
[BlackTeam "New York Marshalls"]
[WhiteFideId "24125890"]
[BlackFideId "13401378"]
[EventDate "2020.01.06"]

1. d4 Nf6 2. c4 g6 3. Nf3 Bg7 4. g3 O-O 5. Bg2 d6 6. Nc3 Nc6 7. O-O Bf5 8. d5
Na5 9. Nd2 c6 10. e4 Bg4 11. f3 Bd7 12. Qe2 Rc8 13. Kh1 cxd5 14. cxd5 e6 15.
dxe6 Bxe6 16. Rd1 Nd7 17. Nf1 Nc4 18. Rb1 Ndb6 19. Nb5 d5 20. Nd4 Bxd4 21. Rxd4
Qf6 22. Rd1 dxe4 23. fxe4 Ne5 24. Ne3 Bxa2 25. Ra1 Bc4 26. Nxc4 Nbxc4 27. b3 Nb6
28. Bb2 Qe6 29. Rxa7 Rc7 30. Qe3 Nbd7 31. h3 Rc2 32. Ba1 Qc6 33. Ra5 b5 34. Ra7
Re8 35. Qd4 Rc1 36. Bb2 Rxd1+ 37. Qxd1 Nc5 38. Qd5 Ncd3 39. Bd4 b4 40. Ra1 Qc7
41. Qa5 Qxa5 42. Rxa5 Nc6 43. Rd5 Nc1 44. Bf6 Nxb3 45. e5 Nbd4 46. Rd6 b3 47.
Bxc6 b2 48. Be4 Nb5 49. Rb6 Nc3 50. Bc2 Ne2 51. Kg2 h5 52. Rxb2 Nd4 53. Be4 Ne6
54. Bd5 Nc5 55. Rc2 Nd7 56. Rc7 Nxe5 57. Bxe5 Rxe5 58. Bxf7+ Kg7 59. Bc4+ Kh6
60. Rc6 Kg7 61. Bd3 g5 62. Kf2 Ra5 63. Be2 h4 64. gxh4 gxh4 65. Bg4 1-0